Municipalities of Seville (Spain) - Statistics

General Stats
  • This quiz has been taken 50 times
  • The average score is 43 of 106
Answers on the Map
Answers color-coded by a green-red scale on the quiz's map according to % correct below.
 
Answer Stats
Answer % Correct
Sevilla
89%
Dos Hermanas
86%
Osuna
74%
Camas
71%
Carmona
71%
Écija
71%
Alcalá de Guadaíra
69%
Utrera
69%
Coria del Río
66%
Tomares
63%
El Cuervo de Sevilla
60%
La Rinconada
60%
Lora del Río
60%
Morón de la Frontera
60%
Los Palacios y Villafranca
57%
Mairena del Alcor
57%
San Juan de Aznalfarache
57%
Cazalla de la Sierra
54%
Constantina
54%
Estepa
54%
Gines
54%
La Puebla de Cazalla
54%
Lebrija
54%
Mairena del Aljarafe
54%
Santiponce
54%
Aznalcóllar
51%
La Algaba
51%
Marchena
51%
Pilas
51%
Bormujos
49%
El Palmar de Troya
49%
El Viso del Alcor
49%
La Puebla del Río
49%
Las Cabezas de San Juan
49%
Alcalá del Río
46%
Castilleja de la Cuesta
46%
Espartinas
46%
Fuentes de Andalucía
46%
Isla Mayor
46%
La Roda de Andalucía
46%
Sanlúcar la Mayor
46%
Aznalcázar
43%
Bollullos de la Mitación
43%
Guillena
43%
La Campana
43%
Palomares del Río
43%
Valencina de la Concepción
43%
Almadén de la Plata
40%
Arahal
40%
Benacazón
40%
Cantillana
40%
El Castillo de las Guardas
40%
Gerena
40%
La Luisiana
40%
Marinaleda
40%
Salteras
40%
Umbrete
40%
Alcolea del Río
37%
Carrión de los Céspedes
37%
Coripe
37%
Gelves
37%
La Puebla de los Infantes
37%
Lora de Estepa
37%
Olivares
37%
Alanís
34%
Brenes
34%
Cañada Rosal
34%
Castilleja de Guzmán
34%
El Coronil
34%
Paradas
34%
San Nicolás del Puerto
34%
Villanueva del Río y Minas
34%
Burguillos
31%
El Garrobo
31%
Guadalcanal
31%
Huévar del Aljarafe
31%
Tocina
31%
El Madroño
29%
El Pedroso
29%
Herrera
29%
Montellano
29%
Peñaflor
29%
Villanueva del Ariscal
29%
Almensilla
26%
Casariche
26%
El Saucejo
26%
Las Navas de la Concepción
26%
Aguadulce
23%
Castilblanco de los Arroyos
23%
El Real de la Jara
23%
El Ronquillo
23%
Villamanrique de la Condesa
23%
Villaverde del Río
23%
Albaida del Aljarafe
20%
Algámitas
20%
Badolatosa
20%
Castilleja del Campo
20%
Lantejuela
20%
Los Corrales
20%
El Rubio
17%
Gilena
17%
Martín de la Jara
17%
Pedrera
14%
Pruna
14%
Los Molares
11%
Villanueva de San Juan
3%
No matching quizzes found
Score Distribution
Percent of People with Each Score
Percentile by Number Answered
Your Score History
You have not taken this quiz